000 00266nam a2200109Ia 4500
008 200302s9999 xx 000 0 und d
100 _aTim Benton & Other
245 _aThe International Style
260 _bThe Open University Press
260 _c1977
300 _a129 P.,
999 _c544
_d544